UK Towns Quiz - Tyne and Wear - Statistics

General Stats
  • This quiz has been taken 158 times
  • The average score is 13 of 42
Answer Stats
Clue Population Town % Correct
N 286,468 Newcastle
99%
S 168,277 Sunderland
98%
G 115,316 Gateshead
97%
S 73,325 South Shields
94%
J 29,465 Jarrow
82%
T 60,600 Tynemouth
82%
W 51,312 Washington
77%
W 36,866 Whitley Bay
62%
W 45,348 Wallsend
57%
H 21,337 Hebburn
41%
H 12,550 Houghton
37%
L 26,880 Longbenton
36%
B 14,245 Blaydon
33%
B 6,071 Boldon
30%
K 12,185 Killingworth
29%
B 13,843 Birtley
28%
W 15,695 Whickham
25%
S 6,959 Shiremoor
24%
H 8,974 Hetton
22%
R 8,819 Ryton
22%
S 1,353 Seaton
22%
W 9,145 Wideopen
21%
W 5,095 Whitburn
20%
E 6,794 East Boldon
18%
R 5,253 Rowlands
18%
C 4,599 Cleadon
15%
S 16,894 Shiney
14%
E 4,172 Easington
13%
C 7,554 Crawcrook
11%
D 4,802 Dudley
11%
S 3,426 Sunniside
11%
N 1,477 Newburn
10%
B 4,484 Backworth
9%
D 2,361 Dinnington
9%
C 2,531 Chopwell
8%
K 1,498 Kibblesworth
8%
S 2,142 Springwell
8%
T 6,211 Throckley
8%
E 1,476 East Rainton
7%
F 6,944 Fence Houses
6%
H 1,935 High Spen
3%
S 1,114 South Bents
2%
No matching quizzes found
Score Distribution
Percent of People with Each Score
Percentile by Number Answered
Your Score History
You have not taken this quiz